|
|
|
|
| LEADER |
00000nam0a2200000 4500 |
| 001 |
73228 |
| 005 |
20231101212708.0 |
| 035 |
|
|
|a (RuTPU)RU\TPU\book\78123
|
| 090 |
|
|
|a 73228
|
| 100 |
|
|
|a 20050211d1977 m y0rusy50 ca
|
| 101 |
0 |
|
|a rus
|
| 102 |
|
|
|a RU
|
| 105 |
|
|
|a a j 001zy
|
| 200 |
1 |
|
|a Основы физики и химии полимеров
|e учебное пособие для вузов
|f Н. В. Михайлов, В. А. Шершнев, Т. А. Шарай и др.
|g Под ред. В. Н. Кулезнева
|
| 210 |
|
|
|a Москва
|c Высшая школа
|d 1977
|
| 215 |
|
|
|a 248 с.
|c ил.
|
| 320 |
|
|
|a Библиография в конце глав.
|
| 606 |
1 |
|
|a Полимеры
|2 stltpush
|3 (RuTPU)RU\TPU\subj\50220
|9 68952
|
| 610 |
1 |
|
|a физика
|
| 610 |
1 |
|
|a химия
|
| 610 |
1 |
|
|a синтез
|
| 610 |
1 |
|
|a модификация
|
| 610 |
1 |
|
|a релаксационные свойства
|
| 610 |
1 |
|
|a растворы
|
| 610 |
1 |
|
|a расплавы
|
| 610 |
1 |
|
|a старение
|
| 610 |
1 |
|
|a стабилизация
|
| 610 |
1 |
|
|a волокна
|
| 610 |
1 |
|
|a учебные пособия
|
| 675 |
|
|
|a 678.01:53(075.8)
|v 3
|
| 701 |
|
1 |
|a Михайлов
|b Н. В.
|g Николай Васильевич
|
| 701 |
|
1 |
|a Шершнев
|b В. А.
|g Владимир Андреевич
|
| 701 |
|
1 |
|a Шарай
|b Т. А.
|g Татьяна Александровна
|
| 701 |
|
1 |
|a Кулезнев
|b В. Н.
|g Валерий Николаевич
|
| 701 |
|
1 |
|a Заграевская
|b И. М.
|g Инна Михайловна
|
| 702 |
|
1 |
|a Кулезнев
|b В. Н.
|g Валерий Николаевич
|4 340
|
| 801 |
|
1 |
|a RU
|b 63413507
|c 20050211
|g PSBO
|
| 801 |
|
2 |
|a RU
|b 63413507
|c 20221005
|g PSBO
|
| 942 |
|
|
|c BK
|